• 首页
  • 本馆介绍
  • 公告通知
  • 最新文献
  • 馆藏检索
  • 电子资源
  • 读者导购
  • 参考咨询
  • 我的图书馆
  • 登录
  • 详细信息显示
  • 放入我的书架
  • 预约/预借图书
  • 作者相关作品
  • 分类相关作品
  • 丛书相关作品
  • 出版社相关作品

书目信息

  • 表格格式
  • 工作单格式
  • 卡片格式
题名:
中国近代体育史
    
 
作者: ;体育院、系教材编审委员会中国近代体育史编写组 编
分册:  
出版信息: 北京   人民体育出版社  1985
页数: 243页
开本: 19cm
丛书名:
单 册:
中图分类: G812.9
科图分类:
主题词: 体育--历史--中国--近代
电子资源:
ISBN:
000 00734nam0 2200217 45
001 0185012224
005 20060818155300.54
010    @dCNY1.45
100    @a19951020d1985 em y0chiy0121 ea
101 0  @achi
102    @aCN@b110000
105    @ay z 000yy
200 10 @a中国近代体育史@Azhong guo jin dai ti yu shi@f体育院、系教材编审委员会中国近代体育史编写组编
210    @a北京@c人民体育出版社@d1985
215    @a243页@d19cm
606    @a体育@x历史@y中国@z近代
690    @aG812.9@v3
711 02 @a体育院、系教材编审委员会中国近代体育史编写组@4编@Ati yu yuan、 xi jiao cai bian shen wei yuan hui zhong guo jin dai ti yu shi bian xie zu
801  0 @aCN@bTSSF@c20060818
801  2 @aCN@bNLC@c20060810
905    @a10447@dG812.9@e38
    
    中国近代体育史/体育院、系教材编审委员会中国近代体育史编写组编.-北京:人民体育出版社,1985
    243页;19cm
    
    
    ISBN :CNY1.45
    
●
相关链接 在E读中查询图书 在五车中查询图书 在当当中查询图书 在豆瓣中查询图书


正题名:中国近代体育史     索取号:G812.9/38         预约/预借

序号 登录号 条形码 馆藏地/架位号 状态 备注
1 0448434   204484343   密集书库/ [索取号:G812.9/38] 在馆    
2 0469215   204692154   密集书库/ [索取号:G812.9/38] 在馆    
唐山师范学院图书馆 欢迎您!
大连网信软件有限公司© 版权所有